LEADER 01278nam a2200313 u 4500 001 000000082036 003 CaOOAMICUS 005 20070226123823.0 008 050405s2002 it u000 u ita u 020 $a8877105496 035 $a11037854 040 $aPUL$bita 041 1 $aita$hfre 100 1 $aMerleau-Ponty, Maurice,$d1908-1961.$0(OLS)http://pul/name/11688 240 10$aCauseries 1948.$lItaliano.$0(OLS)http://pul/title/107234 245 10$aConversazioni /$cMaurice Merleau-Ponty ; a cura di Stéphanie Ménasé ; traduzione di Federico Ferrari. 260 $aMilano :$bSE,$cc2002. 300 $a86 p. ;$c20 cm 490 1 $aPiccola enciclopedia ;$v172 504 $aBibliografia in nota. 650 4$aFilosofia della scienza.$0(OLS)http://pul/subject/5136 700 1 $aMénasé, Stéphanie.$0(OLS)http://pul/name/53341 830 0$aPiccola enciclopedia ;$v172.$0(OLS)http://pul/title/107143 850 $aPUL 852 $aPUL$W1$xSL Filosofia 3$y81$m194 MERMA 4$j104592$nBK-PRI$qDDC 21$B104592$CPULBib$Z2$F104592 $H97664 $82 941 1 $a9 996 $6020$a8877105496$9(OLS)http://pul/number/108694 996 $6245$aConversazioni$9(OLS)http://pul/title/107235 996 $6260$aMilano :$bSE$9(OLS)http://pul/publisher/76149 LEADER 01071nam a2200265 u 4500 001 000000080070 003 CaOOAMICUS 005 20070226123615.0 008 040622s2000 it u000 u ita u 020 $a8839901043 035 $a11001472 040 $aPUL$bita 245 10$aCorso di teologia sacramentaria.$n2,$pI sacramenti della salvezza /$ceditore Andrea Grillo et al. 260 $aBrescia :$bQueriniana,$c2000. 300 $a554 p. ;$c30 cm 500 $aComprende indice. 504 $aBibliografia in nota. 650 4$aSacramenti.$0(OLS)http://pul/subject/763 700 1 $aGrillo, Andrea,$d1961-$0(OLS)http://pul/name/32986 850 $aPUL 852 $aPUL$W1$xSL Religione 3$y85$m234. 16 GRIAN 1.2$j102316$nBK-PRI$qDDC 21$B102316$CPULBib$Z2$F102316 $H84637 $82 941 1 $a9 996 $6020$a8839901043$9(OLS)http://pul/number/105661 996 $6245$aCorso di teologia sacramentaria.$n2,$pI sacramenti della salvezza$9(OLS)http://pul/title/104884 996 $6260$aBrescia :$bQueriniana$9(OLS)http://pul/publisher/47906